000
00201 a2200097 4500
001
8605
100
_a
Abdur Rauf
245
_a
Islamic culture in Pak
260
_a
_b
Ferozsons
_c
090
_c
6927
_d
6927
942
_a
NUST-CAE
_c
M
_c
33519
999
_c
243678
_d
243678